Normal view MARC view
  • Electrical (Electronics) Engineering

Entry Topical Term

Number of records used in: 11

001 - CONTROL NUMBER

  • control field: 30929

003 - CONTROL NUMBER IDENTIFIER

  • control field: NUST

005 - DATE AND TIME OF LATEST TRANSACTION

  • control field: 20200929122759.0

008 - FIXED-LENGTH DATA ELEMENTS

  • fixed length control field: 200929|| aca||aabn | a|a d

040 ## - CATALOGING SOURCE

  • Original cataloging agency: NUST
  • Transcribing agency: NUST

150 ## - HEADING--TOPICAL TERM

  • Topical term or geographic name entry element: Electrical (Electronics) Engineering

670 ## - SOURCE DATA FOUND

  • Source citation: Work cat.: (NUST): Moiz, Abdul Tauqir ; Javed, Maham ; Mutahir, Qandeel 30928, Fitbit Facemask /, 2015.
© 2023 Central Library, National University of Sciences and Technology. All Rights Reserved.